000 00346nam a2200133Ia 4500
008 240624s9999 xx 000 0 und d
041 _aeng
082 _a658.3 MAR
100 _aMARTIN GRAEME
245 _aCORPORATE REPUTATIONS BRANDING AND PEOPL
260 _c2007
_aNew Delhi
_bElsevier
300 _axv, : 384 : p. : cm. ; 23
365 _cRS
_b28
999 _c7832
_d7832